Harley Quinn - Portrayals by Picture - Statistics

General Stats
  • This quiz has been taken 29 times
  • The average score is 8 of 28
Answer Stats
Picture Answer % Correct
Margot Robbie
100%
Arleen Sorkin
53%
Arleen Sorkin / Tara Strong
53%
Kaley Cuoco
53%
Tara Strong
47%
Tara Strong
42%
Tara Strong
42%
Tara Strong
42%
Tara Strong
42%
Tara Strong
42%
Tara Strong / Laura Bailey / Jenny Slate / Margot Rubin / Grey DeLisle
42%
Tara Strong
37%
Tara Strong
37%
Tara Strong
37%
Arleen Sorkin
26%
Mia Sara
16%
Hynden Walch
11%
Hynden Walch
11%
Hynden Walch
11%
Kari Wahlgren
11%
Gillian Jacobs
5%
Hynden Walch
5%
Laura Post
5%
Meghan Strange
5%
Francesca Root-Dodson
0%
Kang Ji-young
0%
Kira Buckland
0%
Sierra Irwin
0%
No matching quizzes found
Score Distribution
Percent of People with Each Score
Percentile by Number Answered
Your Score History
You have not taken this quiz